Biblioteca

The S.O.S. for PMS (Registro nro. 66116)

Detalles MARC
000 -LÍDER
Campo fijo de descripción fija 01637cam a2200337 i 4500
001 - NÚMERO DE CONTROL
Campo de control 768714001
003 - IDENTIFICADOR DEL NÚMERO DE CONTROL
Campo de control CO-MdFUSB
005 - FECHA Y HORA DE LA ULTIMA TRANSACCIÓN
control field 20201210162917.0
007 - CAMPO FIJO DE DESCRIPCIÓN FIJA--INFORMACIÓN GENERAL
Campo fijo de descripción fija ta
008 - ELEMENTOS DE LONGITUD FIJA -- INFORMACIÓN GENERAL
Campo fijo de descripción fija -- Información general 080123t2008 oru 000 0 eng
010 ## - NÚMERO DE CONTROL DE LA BIBLIOTECA DEL CONGRESO
Número de control LC 2008002348
020 ## - NÚMERO INTERNACIONAL NORMALIZADO PARA LIBROS
Número Internacional Normalizado del libro 9780736921701
040 ## - FUENTE DE CATALOGACIÓN
Agencia de catalogación original DLC
Agencia que realiza la transcripción CO-MdFUSB
Agencia que realiza la modificación DLC
-- CO-MdFUSB
Idioma de catalogación spa
Convenciones de la descripción rda
041 ## - CÓDIGO DE IDIOMA
Código de idioma para texto/pista de sonido o título separado eng
082 00 - NÚMERO DE CLASIFICACIÓN DECIMAL DEWEY
Número de la edición del Dewey 22
Número de clasificación 618.172
Clave de autor-Numero de item B993
100 1# - ASIENTO PRINCIPAL--NOMBRE PERSONAL
Nombre personal Byers, Mary M.,
Fechas asociadas con el nombre 1962-
Término relacionador autor
245 14 - TÍTULO
Título del Material The S.O.S. for PMS
Mención de responsabilidad, etc. / Mary M. Byers.
264 #1 - PRODUCCIÓN, PUBLICACIÓN, DISTRIBUCIÓN, MANUFACTURA, Y COPYRIGHT
Lugar de producción, publicación, distribución, manufactura Eugene, Or. :
Nombre del productor, publicador, distribuidor Harvest House Publishers,
Fecha de producción, publicación, distribución, manufactura, o copyright [2008]
264 #4 - PRODUCCIÓN, PUBLICACIÓN, DISTRIBUCIÓN, MANUFACTURA, Y COPYRIGHT
Fecha de producción, publicación, distribución, manufactura, o copyright © 2008
300 ## - DESCRIPCIÓN FÍSICA
Extensión 189 páginas. ;
Dimensiones 22 cm.
336 ## - TIPO DE CONTENIDO
Fuente rdacontent
Término de tipo de contenido texto
Código de tipo de contenido txt
337 ## - TIPO DE MEDIO
Fuente rdamedia
Nombre del tipo de medio sin mediación
Código del tipo de medio n
338 ## - TIPO DE SOPORTE
Fuente rdacarrier
Nombre del tipo de soporte volumen
Código Tipo de soporte nc
505 ## - NOTA DE CONTENIDO
Nota de contenido con formato preestablecido Hay una cinta amarilla de la escena del crimen en la cocina de nuevo: las madres se comportan mal. -- ¿Qué pasa si no es PMS y esto es solo mi personalidad? -- ¿Estoy perdiendo la cabeza y mi hija quiere ir al objetivo? -- trazando su curso y navegando en las aguas blancas. -- Conceptos básicos de PMS. -- PMS SOS. -- Todos estresados ​​y a donde ir. -- Si soy lo que como, ¿eso me convierte en una rosquilla? -- Tienes que moverlo, moverlo. -- Vamos todos a subir al Titanic: las esposas se comportan mal. -- Una carta a los maridos. -- Medicar o no: esa es la pregunta. -- Desbloqueando el misterio de la serotonina y el suplemento PMS y Fe. -- Examinando tu legado. -- Amarte a ti mismo. -- mientras vives con PMS
563 ## - NOTA DE ENCUADERNACIÓN
Nota de encuadernación Rústico
653 ## - TÉRMINO DE INDIZACIÓN - NO CONTROLADO
Término no controlado Síndrome premenstrual
942 ## - TIPO DE MATERIAL (KOHA)
Tipo de Item KOHA Libros General
945 ## - INFORMACIÓN LOCAL DEL REGISTRO
Catalogador JTF-925
Existencias
Estado de Material Estado de Perdido Forma de Clasificación Estado de Dañado No para Préstamo Colección Biblioteca de Origen Biblioteca Permanente Fecha de Adquisición Forma de Adquisición Área Total de Préstamos Signatura Topográfica Código de Barras Última vez visto Ejemplar/Existencia Fecha de Remplazo Tipo de Material
    Dewey Decimal Classification     Colección General Biblioteca FUSBC Biblioteca FUSBC 12/06/2020 Donación Karakey PSICOLOGÍA   G 618.172 B993s 9473 12/06/2020 Ej.1 12/06/2020 Libros General

Biblioteca FUSBC | Teléfono: (57+4) 349 88 10 Ext. 141| WhatsApp (+57) 3005338115 
E-mail: biblioteca@unisbc.edu.co | Calle 76 87-14 Robledo Palenque, Medellín, Colombia

Con tecnología Koha